000 01119cam a22002775a 4500
001 L141797
008 071221s2007 xxkado f 001 0 eng d
020 _a9780750669030
035 _a(Sirsi) u141797
041 0 _aeng
050 0 4 _a696.9 $2 18
100 1 _aRoaf, Sue
245 0 0 _aEcohouse
250 _a3rd ed.
260 _aOxford
_bArchitectural Press
_c2007
300 _aviii, 479p.
_bill.
_c28cm.
520 _aOffers a detailed technical and resource guide aimed at architects, designers and builders. Examines how to design buildings to leave a low carbon footprint. Considers low-impact materials and technologies including lime, earth and hemp. Presents case studies showing sustainable design in action. Offers advice on providing power using renewable energy including wind, micro hydro and heat pumps.
521 2 _aAdvanced
590 _aKA
651 4 _aInternational
690 _aENVIRONMENTAL AND LAND CONSULTANCY-ENERGY-ENERGY USE-ENERGY EFFICIENCY
690 _aBUILT ENVIRONMENT-CONSTRUCTION DESIGN
700 1 _aFuentes, Manuel
700 1 _aThomas, Stephanie
942 _n0
999 _c107772
_d107772